000
00296nam a22001337a 4500
008
210301b ||||| |||| 00| 0 eng d
020
_a
978020511013199990
041
_a
eng
080
_2
6th
_a
37
100
_a
46
101
_a
EDU
245
_a
Along These Lines
_c
Biays,SH.J
942
_2
udc
_c
BK
999
_c
55370
_d
55370